000 00291nam a22001337a 4500
008 190305b xxu||||| |||| 00| 0 eng d
020 _a0443079552
041 _aeng
080 _a617
100 _a5
101 _aKIR
245 _aGreen's Operative Hand Surgery
_cGreen
942 _2udc
_cBK
999 _c54550
_d54550